| 000 | 02129cam a22005054i 4500 | ||
|---|---|---|---|
| 003 | PE-LiUPU | ||
| 005 | 20250731173225.0 | ||
| 008 | 150625s1986 miu rb 000 0 d | ||
| 020 | _a9780825410505 | ||
| 035 | _a(Sirsi) i9780825410505 | ||
| 040 |
_aPE-LiUPU _bspa _cPE-LiUPU _erda |
||
| 049 | _aPRUA | ||
| 082 | 0 | 4 |
_a230 _bB21 _221 |
| 100 | 1 |
_aBancroft, Emery H., _eautor. |
|
| 245 | 1 | 0 |
_aFundamentos de Teología Bíblica / _cEmery H. Bancroft. |
| 264 | 1 |
_aMichigan : _bEditorial Portavoz, _c[1986]. |
|
| 300 |
_a492páginas ; _c21centímetros |
||
| 336 |
_atext _2rdacontent |
||
| 337 |
_aunmediated _2rdamedia |
||
| 338 |
_avolume _2rdacarrier |
||
| 504 | _aIncluye bibliografía. | ||
| 505 | 0 | _aLa doctrina de las escrituras -- La doctrina de Dios -- La doctrina de Jesucristo -- La doctrina del Espíritu Santo -- La doctrina del hombre -- La doctrina del pecado -- Las doctrinas de la salvación -- La doctrina de la iglesia -- La doctrina de los ángeles -- La doctrina de las últimas cosas. | |
| 526 | _aSEG42 | ||
| 526 | _aSEG41 | ||
| 526 | _aSEG40 | ||
| 526 | _aSEG39 | ||
| 526 | _aP94 | ||
| 526 | _aP87 | ||
| 526 | _aP86 | ||
| 526 | _aP85 | ||
| 526 | _aP77 | ||
| 526 | _aP76 | ||
| 526 | _aP35 | ||
| 541 | _g001-0023245; | ||
| 650 | 0 | 4 | _aDoctrinas. |
| 910 | _bjck | ||
| 942 |
_2ddc _cBOOK |
||
| 949 |
_a230 B21 _wDEWEY _c1 _i36296 _lCCODEBUL1 _mBUL _r0 _sY _tBOOK _u2015-6-25 _xTEOLOGIA _zUNKNOWN _0COMPRA _o.STAFF. Colección Teología |
||
| 949 |
_a230 B21 _wDEWEY _c2 _i62441 _d2015-11-10 _e2015-11-9 _lCCODEBUL1 _mBUL _n1 _p17.00 _r0 _sY _tBOOK _u2015-6-25 _xTEOLOGIA _PP35 _0COMPRA _o.STAFF. Colección Teología |
||
| 994 |
_aC0 _bPEPRU |
||
| 596 | _a1 | ||
| 999 |
_a230 B21 _wDEWEY _c41905 _i36296 _d41905 _f2021-11-9 _g5 _lCCODEBUL1 _mBUL _q1 _r0 _sY _tBOOK _u2015-6-25 _xTEOLOGIA _zUNKNOWN _0COMPRA _o.STAFF. Colección General |
||
| 999 |
_a230 B21 _wDEWEY _c2 _i62441 _d2019-6-11 _e2015-11-9 _f2021-11-9 _g6 _lCCODEBUL1 _mBUL _n1 _p17.00 _q1 _r0 _sY _tBOOK _u2015-6-25 _xTEOLOGIA _PP35 _0COMPRA _o.STAFF. Colección Teología |
||
| 980 |
_81 _gALBERTO SANCHEZ Responsable de Automatización |
||